[Event "Maraba op 1st"]
[Site "Maraba"]
[Date "2014.06.01"]
[Round "6"]
[White "Reis, Alan de Albuquerque"]
[Black "Da Silva, Roberto Cardoso"]
[Result "1-0"]
[WhiteElo "2032"]
[BlackElo "1872"]
[PlyCount "34"]
[EventDate "2014.05.30"]
[EventType "swiss"]
[EventRounds "6"]
[EventCountry "BRA"]
[SourceTitle "CBM 160 Extra"]
[Source "ChessBase"]
[SourceDate "2014.07.01"]
[SourceVersion "1"]
[SourceVersionDate "2014.07.01"]
[SourceQuality "1"]

1. d4 Nf6 2. c4 e5 3. dxe5 Ng4 4. Nf3 Nc6 5. Bf4 Bb4+ 6. Nc3 d6 7. Bg5 Bxc3+ 8. bxc3 f6 9. exf6 Nxf6 10. Qc2 0-0 11. e3 Qe8 12. Bd3 Qh5 13. Bf4 Bg4 14. Be2 Rae8 15. 0-0 Ne4 16. Rfe1 Qc5 17. Rab1 Nxf2 1-0

[Event "Maraba op 1st"]
[Site "Maraba"]
[Date "2014.05.30"]
[Round "1"]
[White "Da Silva, Roberto Cardoso"]
[Black "Teixeira, Lindberg Rego"]
[Result "1-0"]
[WhiteElo "1872"]
[BlackElo "1784"]
[PlyCount "27"]
[EventDate "2014.05.30"]
[EventType "swiss"]
[EventRounds "6"]
[EventCountry "BRA"]
[SourceTitle "CBM 160 Extra"]
[Source "ChessBase"]
[SourceDate "2014.07.01"]
[SourceVersion "1"]
[SourceVersionDate "2014.07.01"]
[SourceQuality "1"]

1. e4 e5 2. Bc4 Nf6 3. d3 d6 4. Nc3 d5 5. exd5 Nxd5 6. Bb5+ c6 7. Bg5 Be7 8. Nf3 Qa5 9. h3 0-0 10. 0-0 a6 11. Ba4 Bd6 12. Bb3 e4 13. Ne2 Nd7 14. Qd2 1-0

[Event "Carvalho Memorial op"]
[Site "Juazeiro do Norte"]
[Date "2012.10.13"]
[Round "4"]
[White "Serpa, Danton Mackhno"]
[Black "Da Silva, Roberto Cardoso"]
[Result "0-1"]
[WhiteElo "1773"]
[BlackElo "1853"]
[PlyCount "162"]
[EventDate "2012.10.12"]
[EventType "swiss"]
[EventRounds "6"]
[EventCountry "BRA"]
[SourceTitle "EXT 2013"]
[Source "ChessBase"]
[SourceDate "2012.11.22"]
[SourceVersion "1"]
[SourceVersionDate "2012.11.22"]
[SourceQuality "1"]

1. d4 d5 2. c4 Nf6 3. cxd5 Nxd5 4. Nf3 g6 5. e4 Nf6 6. Nc3 Bg7 7. Be2 0-0 8. 0-0 c6 9. Be3 Ng4 10. Bg5 Nf6 11. Qd2 Bg4 12. Bh6 Bxf3 13. Bxf3 Na6 14. Bxg7 Kxg7 15. h4 h5 16. e5 Ng4 17. Bxg4 hxg4 18. Rad1 e6 19. g3 c5 20. dxc5 Qxd2 21. Rxd2 Rac8 22. Ne4 Nxc5 23. Nf6 Rfd8 24. Rfd1 Rxd2 25. Rxd2 Rc6 26. b4 Na4 27. Rd7 Nc3 28. Rxb7 Nxa2 29. Rxa7 Nxb4 30. Ne8+ Kf8 31. Nd6 Nd3 32. Rxf7+ Kg8 33. Rf6 Rc1+ 34. Kg2 Ne1+ 35. Kf1 Nf3+ 36. Ke2 Re1+ 37. Kd3 Nxe5+ 38. Kd4 Nf3+ 39. Kc5 Rc1+ 40. Kb4 Kg7 41. Rxe6 Rc2 42. Ne4 Kf7 43. Ra6 Re2 44. Rf6+ Kg7 45. Rf4 Ne5 46. Nc5 Rc2 47. Kb5 Rb2+ 48. Ka4 Kh6 49. Re4 Nc6 50. Nd3 Rd2 51. Kb5 Na7+ 52. Kc4 Nc6 53. Kc3 Ra2 54. Rxg4 Ra3+ 55. Kd2 Rxd3+ 56. Kxd3 Ne5+ 57. Ke4 Nxg4 58. f3 Nf6+ 59. Ke5 Kg7 60. g4 Nd7+ 61. Kf4 Kf6 62. h5 g5+ 63. Kg3 Ke5 64. f4+ gxf4+ 65. Kf3 Nf6 66. h6 Nh7 67. g5 Nxg5+ 68. Kg4 Nh7 69. Kf3 Kf5 70. Kf2 Kg4 71. Kg2 Ng5 72. Kf2 Kh5 73. h7 Nxh7 74. Kf3 Kg5 75. Kf2 Nf6 76. Kf3 Nd7 77. Kf2 Kg4 78. Kg2 Ne5 79. Kf2 Nd3+ 80. Kf1 Kf3 81. Kg1 Ke2 0-1

[Event "Carvalho Memorial op"]
[Site "Juazeiro do Norte"]
[Date "2012.10.12"]
[Round "2"]
[White "Da Silva, Roberto Cardoso"]
[Black "Mateus, Janete de Alcantara"]
[Result "1-0"]
[WhiteElo "1853"]
[BlackElo "1842"]
[PlyCount "93"]
[EventDate "2012.10.12"]
[EventType "swiss"]
[EventRounds "6"]
[EventCountry "BRA"]
[SourceTitle "EXT 2013"]
[Source "ChessBase"]
[SourceDate "2012.11.22"]
[SourceVersion "1"]
[SourceVersionDate "2012.11.22"]
[SourceQuality "1"]

1. d4 d5 2. Nf3 Nc6 3. e3 Nf6 4. Bd3 Bg4 5. h3 Bh5 6. 0-0 e6 7. c3 Bd6 8. b4 Ne4 9. Be2 Bg6 10. a4 h5 11. Qb3 Bf5 12. Nfd2 Qg5 13. Nxe4 Bxe4 14. f3 Bg6 15. Na3 Qg3 16. f4 Bf5 17. Rf3 Qh4 18. Nb5 Be4 19. Nxd6+ cxd6 20. Rf2 Rg8 21. Bf3 g5 22. fxg5 Rxg5 23. Bxe4 Qxe4 24. Qc2 Qxc2 25. Rxc2 Rc8 26. e4 Rg6 27. exd5 Nxd4 28. Rf2 Nb3 29. Rb1 Rxc3 30. Bb2 Rd3 31. dxe6 fxe6 32. Rbf1 Rd2 33. Rf8+ Kd7 34. R1f2 Rd1+ 35. Kh2 Nd4 36. b5 Nf5 37. Ra8 Kc7 38. Rxa7 Rg8 39. a5 Rd5 40. Rc2+ Kb8 41. b6 Ne3 42. Rf2 Rdg5 43. Bc1 Rxg2+ 44. Rxg2 Nxg2 45. Ba3 Rg6 46. Bxd6+ Kc8 47. a6 1-0

[Event "Luiz Rego Memorial"]
[Site "Teresina"]
[Date "2012.03.17"]
[Round "4"]
[White "Da Silva, Roberto Cardoso"]
[Black "Sales, Luis Carlos"]
[Result "0-1"]
[WhiteElo "1842"]
[BlackElo "1892"]
[PlyCount "62"]
[EventDate "2012.03.16"]
[EventType "swiss"]
[EventRounds "6"]
[EventCountry "BRA"]
[SourceTitle "CBM 147 Extra"]
[Source "ChessBase"]
[SourceDate "2012.04.24"]
[SourceVersion "1"]
[SourceVersionDate "2012.04.24"]
[SourceQuality "1"]

1. e4 c5 2. Nf3 b6 3. Bc4 e6 4. 0-0 Bb7 5. Nc3 d6 6. d4 cxd4 7. Nxd4 Be7 8. Bb5+ Nd7 9. Qg4 g6 10. f4 Ngf6 11. Qe2 Qc8 12. e5 Nd5 13. Nxd5 Bxd5 14. c4 Bb7 15. Bd2 a6 16. Ba4 0-0 17. exd6 Bxd6 18. Nxe6 Re8 19. f5 fxe6 20. fxe6 Ne5 21. Bxe8 Qxe8 22. Bc3 Qxe6 23. Rae1 Re8 24. b3 Qd7 25. Qb2 Bc5+ 26. Kh1 Nd3 27. Rxe8+ Qxe8 28. Qd2 Qe4 29. Rf3 Qxf3 30. gxf3 Bxf3+ 31. Qg2 Nf2+ 0-1

[Event "Luiz Rego Memorial"]
[Site "Teresina"]
[Date "2012.03.16"]
[Round "1"]
[White "Feitosa, Airton Jose Tajunio"]
[Black "Da Silva, Roberto Cardoso"]
[Result "1-0"]
[WhiteElo "1783"]
[BlackElo "1842"]
[PlyCount "100"]
[EventDate "2012.03.16"]
[EventType "swiss"]
[EventRounds "6"]
[EventCountry "BRA"]
[SourceTitle "CBM 147 Extra"]
[Source "ChessBase"]
[SourceDate "2012.04.24"]
[SourceVersion "1"]
[SourceVersionDate "2012.04.24"]
[SourceQuality "1"]

1. e4 e5 2. Nc3 Nf6 3. Bc4 Nc6 4. f4 Nxe4 5. Bxf7+ Kxf7 6. Nxe4 Be7 7. Nf3 d5 8. Neg5+ Kg8 9. d3 h6 10. Nh3 Bg4 11. Nf2 Qd7 12. Nxg4 Qxg4 13. Qe2 Bd6 14. Bd2 Qd7 15. 0-0 exf4 16. Rfe1 Kh7 17. d4 Rhe8 18. Qd3+ Kg8 19. g3 Rxe1+ 20. Rxe1 Qf7 21. Ne5 Bxe5 22. dxe5 f3 23. e6 Qf6 24. Bf4 Ne7 25. Qxf3 g5 26. Qg4 c5 27. h4 Qf5 28. Qxf5 Nxf5 29. hxg5 hxg5 30. Bxg5 Nxg3 31. e7 Ne4 32. Bh4 Nd6 33. Bg3 Ne8 34. Rf1 Rc8 35. Rf8+ Kg7 36. Be5+ Kg6 37. Kf2 b5 38. Ke3 a5 39. Kf4 a4 40. Ke3 b4 41. c4 d4+ 42. Kd3 Ra8 43. b3 a3 44. Ke4 Rc8 45. Bf4 Nf6+ 46. Kd3 Re8 47. Bd6 Kf5 48. Rxe8 Nxe8 49. Bxc5 Ke6 50. Bxd4 Kxe7 1-0